কথা সঞ্চয়ন / (Record no. 2752)
[ view plain ]
| 000 -LEADER | |
|---|---|
| fixed length control field | 00622nam a2200217 a 4500 |
| 001 - CONTROL NUMBER | |
| JCCL Control Number | 2752 |
| 003 - CONTROL NUMBER IDENTIFIER | |
| JCCL marc code | BD-JhCC |
| 005 - DATE AND TIME OF LATEST TRANSACTION | |
| control field | 20171107130947.0 |
| 008 - FIXED-LENGTH DATA ELEMENTS--GENERAL INFORMATION | |
| fixed length control field | 171106s b ||||| |||| 00| 0 b d |
| 035 ## - SYSTEM CONTROL NUMBER | |
| system control number | (BD-JhCC)2752 |
| 040 ## - CATALOGING SOURCE | |
| Original cataloging agency | BD-JhCC |
| Modifying agency | BD-JhCC |
| 041 ## - LANGUAGE CODE | |
| Language code of Book | ben |
| 082 ## - DEWEY DECIMAL CLASSIFICATION NUMBER | |
| Classification number | 891.4409 |
| Author mark and Year | MUH |
| 100 ## - MAIN ENTRY--PERSONAL NAME | |
| Personal name | মুহম্মদ, কাজী দীন |
| 245 ## - TITLE STATEMENT | |
| Title | কথা সঞ্চয়ন / |
| Statement of responsibility, etc | কাজী দীন মুহন্মদ |
| 260 ## - PUBLICATION, DISTRIBUTION, ETC. (IMPRINT) | |
| Place of publication, distribution, etc | ঢাকা : |
| Name of publisher, distributor, etc | ইষ্ট বেঙ্গল, |
| 300 ## - PHYSICAL DESCRIPTION | |
| Pagination | 90 p. : |
| Dimensions | 18cm. |
| 650 ## - SUBJECT ADDED ENTRY--TOPICAL TERM | |
| Topical term or geographic name as entry element | Bengali Literature |
| 942 ## - ADDED ENTRY ELEMENTS (KOHA) | |
| Source of classification or shelving scheme | Dewey Decimal Classification |
| Koha item type | Books |
| Source of classification or shelving scheme | Damaged status | Not for loan | Home library | Current library | Shelving location | Date of accession | Cost, normal purchase price | Total Checkouts | Full call number | Barcode | Date last seen | Copy number | Koha item type |
|---|---|---|---|---|---|---|---|---|---|---|---|---|---|
| Dewey Decimal Classification | JCC Rouf Library | JCC Rouf Library | General Stacks | 11/06/2017 | 1.28 | 891.4409 MUH | 4564 | 11/06/2017 | C-1 | Books |